A Soviet Think Tank: The Involvement of the Institute of Ethnography in Soviet Policy

Titel: A Soviet Think Tank: The Involvement of the Institute of Ethnography in Soviet Policy / Karol Rawski
Verfasser:
In: Region, Band 6, Heft 1 (2017), Seite 109-132
alle Artikel anzeigen
Veröffentlicht: 2017
Format: Aufsatz
Sprache: Englisch
Schlagworte:
Kein Bild verfügbar
X
alg: 51569976
001A    $03025:21-02-24 
001B    $01999:21-02-24 $t22:40:19.000 
001D    $03025:21-02-24 
001U    $0utf8 
001X    $00 
002@    $0Oou 
002C    $aText $btxt $2rdacontent 
002D    $aComputermedien $bc $2rdamedia 
002E    $aOnline-Ressource $bcr $2rdacarrier 
003@    $0515699764 
007A    $0515699764 $aHEB 
009Q    $uhttps://doi.org/10.1353/reg.2017.0005 $xVolltext 
009Q    $uhttps://www.jstor.org/stable/26377363 $xVolltext 
010@    $aeng 
010E    $erda 
011@    $a2017 
021A    $aA @Soviet Think Tank: The Involvement of the Institute of Ethnography in Soviet Policy $hKarol Rawski 
028A    $BVerfasser $4aut $71168159016 $8Rawski, Karol$Z1980- [Tp3] $9437131580 
031A    $d6 $e1 $h109-132 $j2017 
039B    $aEnthalten in $8--Obvc--. Region. - Bloomington, Indiana : Slavica, November, 2011-. - Online-Ressource. - ISSN 2165-0659 $x201700000060001891 $9292957505 
044K    $#Sowjetunion $#UdSSR $#Советский Союз $#UdSSR $#SSSR $#Republik-Republik Kesatuan Soviet Sosialis $#Sojuz Sovetskich Socialističeskich Respublik $#Union der Sozialistischen Sowjet-Republiken $#Union der SSR $#Union of Soviet Socialist Republics $#USSR $#Union des Républiques Socialistes Soviétiques $#URSS $#Russland 1923-1991 $#Russia 1923-1991 $#Padomju Sociālistiko Republiku Savienība $#PSRS $#SSṘM $#ZSSR $#TSRS $#Savez Sovjetskih Socijalističkih Republika $#Soviet Union $#SSHM $#Sojuz Radjans'kich Sozialističnich Respublik $#SRSR $#Şyra Sosjalist Cumhyrijjẹtlẹri Ittifakĭ $#Šura Socialist Gümhurietleri Ittipaky $#Šura Sosyalist Ǧümhuriyetleri Ittifaqï $#SSCB $#Союз Советских Социалистических Республик $#СССР $74077548-3 $8Sowjetunion [Tgz] $9085219754 
044K    $RMinderheitenpolitik $RNationalitätenfrage $#Nationalités $#Ethnopolitik $74041303-2 $8Nationalitätenpolitik [Ts1] $9085113085 
044K    $RSozialwissenschaften $RKulturwissenschaften $REthnologie $RVolkskundler $#Folklore $#Folklore $#Ethnographie $#Volkskunde $#Empirische Kulturwissenschaft $#Ethnographie Volkskunde $#Ethnografie Volkskunde $#Europäische Ethnologie $#Folklore Volkskunde $#Gegenwartsvolkskunde $#Kulturanthropologie Volkskunde $74078937-8 $8Volkskunde [Ts1] $9085224030 
044K    $RPolitikberatung $RForschungsinstitut $#Research institutes $#Clubs de réflexion $#Think Tank $#Denkfabrik $#Think-Tank $#Think Tank $77566594-3 $8Thinktank [Ts1] $9185677754 
045F    $a390.0947080904 $eDDC23BSB 
045F/01 $a390 
045F/03 $f0904 
045F/03 $g4708 
045G    $a370.947080904 $eDDC23BSB 
045G/01 $a370.9 
045G/03 $f0904 
045G/03 $g4708 
045R    $aGeschichte 1942-1991 
045T    $aROM $qDE-5 $2FID 
045T    $aROM $qDE-18 $2FID 
045T    $a7,41 
045T    $aOST $qDE-12 $2FID 

lok: 51569976 78

exp: 51569976 78 1 #EPN
201B/01 $021-02-24 $t08:00:48.000 
201C/01 $021-02-24 
201U/01 $0utf8 
203@/01 $01256625639 
208@/01 $a21-02-24 $be 
209A/01 $a/ $f000 $x00 
209A/01 $ab*p $x01 
209A/01 $aBehandelt am Rande auch die baltischen Sowjetrepubliken $x03 
220C/01 $apgar 
244Z/01 $#Lettland $#Lettland $#Latvija $#Latvijas Republika $#Lettische Republik $#Lettische SSR $#Latvijskaja SSR $74074187-4 $8--Tg1--Lettland $x09 $9085208876 
244Z/01 $#Litauen $#Litauen $#Lithuania $#Lietuvos Respublika $#République Lithuanienne $#Lithuanie $#Litva 1918 - 1940, 1991, 9 - $#Litovskaja Respublika $#Lithuania 1918 - 1940, 1991, 9 - $#Republik Litauen $#Republic of Lithuania $#Lithuanian Republic $#Litauische Republik $#Lietuva $74074266-0 $8--Tg1--Litauen $x10 $9085209074 
244Z/01 $#Estland $#Estland $#Estnische SSR $#Eesti $#Estonskaja SSR $#EV $#Estonia 1918 - 1940, 1991 - $#Republik Estland $#Eesti Vabariik $#Republic of Estonia $#Ėstonskaja Respublika $#Estnische Republik $#Estonia 1918-1940 ; ab 1991 $#Estonia $#Estonie $74015587-0 $8--Tg1--Estland $x13 $9085035777 
244Z/01 $#Baltische Staaten $#Baltikum $#Baltische Staaten $#Baltische Provinzen $#Russische Ostseeprovinzen $#Baltische Republiken $#Russland, Ostseeprovinzen $74004379-4 $8--Tg1--Baltikum $x14 $9085003506 
247C/01 $82080>Marburg/Lahn, Herder-Institut, Forschungsbibliothek, Bibliographieportal $9336309341
LEADER 00000caa a2200000 c 4500
001 515699764
003 DE-603
005 20240221224019.0
007 cr||||||||||||
008 240221s2017 xx |||| o| u00||u|eng c
035 |a (DE-599)HEB515699764 
040 |a DE-603  |b ger  |c DE-603  |d DE-603  |e rda 
041 |a eng 
082 0 4 |8 1\u  |a 390.0947080904  |q DE-101  |2 23/BSB 
083 0 |8 2\u  |a 370.947080904  |q DE-101  |2 23/BSB 
084 |a ROM  |q DE-5  |2 fid 
084 |a ROM  |q DE-18  |2 fid 
084 |a 7,41  |2 ssgn 
084 |a OST  |q DE-12  |2 fid 
085 |8 1\u  |b 390 
085 |8 1\u  |z 1  |s 0904 
085 |8 1\u  |z 2  |s 4708 
085 |8 2\u  |b 370.9 
085 |8 2\u  |z 1  |s 0904 
085 |8 2\u  |z 2  |s 4708 
100 1 |a Rawski, Karol  |d 1980-  |e Verfasser  |4 aut  |0 (DE-603)437131580  |0 (DE-588)1168159016  |2 gnd 
245 0 0 |a ˜Aœ Soviet Think Tank: The Involvement of the Institute of Ethnography in Soviet Policy  |c Karol Rawski 
264 0 |c 2017 
336 |a Text  |b txt  |2 rdacontent 
337 |a Computermedien  |b c  |2 rdamedia 
338 |a Online-Ressource  |b cr  |2 rdacarrier 
648 7 |a Geschichte 1942-1991  |2 gnd 
650 7 |a Nationalitätenpolitik  |0 (DE-588)4041303-2  |0 (DE-603)085113085  |2 gnd 
650 7 |a Volkskunde  |0 (DE-588)4078937-8  |0 (DE-603)085224030  |2 gnd 
650 7 |a Thinktank  |0 (DE-588)7566594-3  |0 (DE-603)185677754  |2 gnd 
651 7 |a Sowjetunion  |0 (DE-588)4077548-3  |0 (DE-603)085219754  |2 gnd 
773 0 8 |i Enthalten in  |t Region  |d Bloomington, Indiana : Slavica, November, 2011-  |h Online-Ressource  |x 2165-0659  |g Band 6, Heft 1 (2017), Seite 109-132  |w (DE-603)292957505  |w (DE-600)2656871-8 
856 |u https://doi.org/10.1353/reg.2017.0005 
856 |u https://www.jstor.org/stable/26377363 
924 1 |9 2080  |a (DE-603)1256625639  |b DE-2080  |c HES  |d d  |g /